| 000 -LEADER |
| fixed length control field |
00518pab a2200169 454500 |
| 008 - FIXED-LENGTH DATA ELEMENTS--GENERAL INFORMATION |
| fixed length control field |
180718b2005 xxu||||| |||| 00| 0 eng d |
| 100 ## - MAIN ENTRY--PERSONAL NAME |
| Personal name |
Oczkowski, Edward |
| 245 ## - TITLE STATEMENT |
| Title |
Determinants of efficiency in least developed countries: further evidence from Nepalese manufacturing firms |
| 260 ## - PUBLICATION, DISTRIBUTION, ETC. |
| Date of publication, distribution, etc. |
2005 |
| 300 ## - PHYSICAL DESCRIPTION |
| Extent |
p.617-30. |
| 362 ## - DATES OF PUBLICATION AND/OR SEQUENTIAL DESIGNATION |
| Dates of publication and/or sequential designation |
May |
| 650 ## - SUBJECT ADDED ENTRY--TOPICAL TERM |
| Topical term or geographic name entry element |
Manufacturing industry - Nepal |
| 650 ## - SUBJECT ADDED ENTRY--TOPICAL TERM |
| Topical term or geographic name entry element |
Manufacturing industry |
| 700 ## - ADDED ENTRY--PERSONAL NAME |
| Personal name |
Sharma, Kishor |
| 773 ## - HOST ITEM ENTRY |
| Main entry heading |
Journal of Development Studies |
| 909 ## - |
| -- |
65322 |